[Event "Lions Cup Utrecht"]
[Site "SchemingMind.com"]
[Date "2013.11.10"]
[Round "-"]
[White "MKruger"]
[Black "fanfan_la_Tulipe"]
[Result "1-0"]
[WhiteCountry "GER"]
[BlackCountry "AUT"]
[WhiteElo "2354"]
[WhiteRD "65"]
[BlackElo "1982"]
[BlackRD "71"]
[GameID "341535"]

1. d4 Nf6 2. c4 g6 3. g3 Bg7 4. Bg2 O-O 5. Nc3 d6 6. Nf3 Nc6 7. O-O a6 8. Qd3 Bd7 9. d5 Nb4 10. Qd1 a5
11. a3 Na6 12. Be3 c5 13. Bf4 Nh5 14. Bd2 Nc7 15. a4 Qc8 16. Bg5 Re8 17. Qd2 Bh3 18. Bh6 Bxg2 19. Kxg2 e5 20. dxe6 Qxe6
21. Bxg7 Nxg7 22. Rad1 Rad8 23. b3 Nf5 24. e4 Ng7 25. Rfe1 Qf6 26. e5 dxe5 27. Ne4 Qe7 28. Qxa5 Na6 29. Qb6 Kh8 30. Nf6 Rf8
31. Nxe5 Rxd1 32. Nxg6+
1-0

[Event "Lions Cup Utrecht"]
[Site "SchemingMind.com"]
[Date "2013.11.10"]
[Round "-"]
[White "Selwyn"]
[Black "Greg Magne"]
[Result "1-0"]
[WhiteCountry "AUS"]
[BlackCountry "CAN"]
[WhiteElo "2271"]
[WhiteRD "87"]
[BlackElo "1962"]
[BlackRD "80"]
[GameID "341629"]

1. d4 d5 2. c4 e6 3. Nc3 c6 4. e4 dxe4 5. Nxe4 Bb4+ 6. Nc3 c5 7. a3 Ba5 8. Be3 cxd4 9. Qxd4 Nf6 10. Qxd8+ Bxd8
11. Nf3 Nc6 12. Be2 O-O 13. O-O Bc7 14. Rad1 Rd8 15. Nb5 Bb8 16. Rxd8+ Nxd8 17. Rd1 Nc6 18. Nfd4 Nd7 19. Nxc6 bxc6 20. Bf3 cxb5
21. Bxa8 bxc4 22. Bc6
1-0

[Event "Lions Cup Utrecht"]
[Site "SchemingMind.com"]
[Date "2013.11.11"]
[Round "-"]
[White "Selwyn"]
[Black "smothered mate"]
[Result "1-0"]
[WhiteCountry "AUS"]
[BlackCountry "POL"]
[WhiteElo "2336"]
[WhiteRD "68"]
[BlackElo "1973"]
[BlackRD "74"]
[GameID "341630"]

1. d4 Nf6 2. c4 c5 3. d5 b5 4. cxb5 a6 5. bxa6 g6 6. Nc3 Bg7 7. e4 d6 8. Bb5+ Nbd7 9. Nf3 O-O 10. O-O Bxa6
11. Bxa6 Rxa6 12. Qc2 Qa8 13. h3 Rb8 14. Bg5 Nb6 15. a4 h6 16. Bd2 Nfd7 17. b3 c4 18. b4 Bxc3 19. Qxc3 Rxa4 20. Nd4 Ne5
21. Bxh6 Rb7 22. f4 Rba7 23. Rxa4 Nxa4 24. Qg3 Nd3 25. f5 Nc3 26. fxg6 f6 27. Qg4
1-0

[Event "Lions Cup Utrecht"]
[Site "SchemingMind.com"]
[Date "2013.11.14"]
[Round "-"]
[White "Selwyn"]
[Black "jsummers"]
[Result "1-0"]
[WhiteCountry "AUS"]
[BlackCountry "USA"]
[WhiteElo "2336"]
[WhiteRD "68"]
[BlackElo "2118"]
[BlackRD "118"]
[GameID "341631"]

1. d4 Nf6 2. c4 g6 3. Nc3 Bg7 4. e4 d6 5. Nf3 O-O 6. Be2 Nc6 7. O-O Bg4 8. d5 Ne5 9. Nxe5 Bxe2 10. Qxe2 dxe5
11. Be3 Nh5 12. c5 c6 13. Rfd1 Qc7 14. Rd2 Nf4 15. Qf3 Rad8 16. Rad1 Qa5 17. g3 Nh5 18. Qe2 Nf6 19. Qc4 Qc7 20. f3 cxd5
21. exd5 a6 22. b4 Ne8 23. Qb3 Qc8 24. d6 exd6 25. cxd6 Nf6 26. Bb6 Rd7 27. Na4 Bh6 28. Rc2 Qb8 29. Bc7 Qa7+ 30. Nc5 Rc8
31. Kg2 Qa8 32. Nxd7 Nxd7 33. b5 Rf8 34. Qa4 f5 35. bxa6 Rf7 36. a7 b5 37. Qa6 e4 38. Bb8 exf3+ 39. Kf1 Be3 40. Qc8+ Kg7
41. Qc3+
1-0

[Event "Lions Cup Utrecht"]
[Site "SchemingMind.com"]
[Date "2013.11.10"]
[Round "-"]
[White "Selwyn"]
[Black "fanfan_la_Tulipe"]
[Result "1-0"]
[WhiteCountry "AUS"]
[BlackCountry "AUT"]
[WhiteElo "2367"]
[WhiteRD "69"]
[BlackElo "1982"]
[BlackRD "71"]
[GameID "341632"]

1. d4 Nf6 2. c4 g6 3. Nc3 Bg7 4. e4 d6 5. Nf3 O-O 6. Be2 Na6 7. O-O e5 8. Be3 Ng4 9. Bg5 Qe8 10. d5 f5
11. Ne1 Nf6 12. f3 f4 13. Nd3 h6 14. Bh4 g5 15. Bf2 b6 16. b4 h5 17. a4 g4 18. a5 Qg6 19. axb6 g3 20. bxa7 gxf2+
21. Rxf2 h4 22. b5 Nc5 23. Nxc5 dxc5 24. d6 Qf7 25. dxc7 Qxc7 26. Nd5 Qf7 27. b6 Rd8 28. Bf1 Bb7 29. Rd2 Nxd5 30. cxd5 Rd6
31. Rb1 Bf6 32. Rdb2 Bd8 33. Qc2 Rc8 34. h3 Kh7 35. Ba6 Kg6 36. Qa4 Kh7 37. Bxb7 Qxb7 38. Qe8 Rg6 39. d6 Rxd6 40. Qh5+ Rh6
41. Qf5+ Rg6 42. Rd1
1-0

[Event "Lions Cup Utrecht"]
[Site "SchemingMind.com"]
[Date "2013.11.11"]
[Round "-"]
[White "Selwyn"]
[Black "MKruger"]
[Result "1/2-1/2"]
[WhiteCountry "AUS"]
[BlackCountry "GER"]
[WhiteElo "2336"]
[WhiteRD "68"]
[BlackElo "2253"]
[BlackRD "73"]
[GameID "341633"]

1. d4 Nf6 2. c4 g6 3. Nc3 d5 4. cxd5 Nxd5 5. e4 Nxc3 6. bxc3 Bg7 7. Nf3 c5 8. Rb1 O-O 9. Be2 cxd4 10. cxd4 Qa5+
11. Qd2 Qxd2+ 12. Bxd2 b6 13. O-O Bb7 14. d5 Ba6 15. Bxa6 Nxa6 16. Be3 f5 17. e5 f4 18. Bc1 Rad8 19. Rd1 Nc7 20. d6 exd6
21. Ba3 Ne6 22. Bxd6 Rf7 23. Rbc1 Rfd7 24. Rc6 Nc5 25. Kf1 Ne4 26. Rd4 Nxd6 27. Rdxd6 Rxd6 28. exd6 Bf8 29. Rc7 Rxd6=
1/2-1/2

[Event "Lions Cup Utrecht"]
[Site "SchemingMind.com"]
[Date "2013.11.10"]
[Round "-"]
[White "Greg Magne"]
[Black "Selwyn"]
[Result "0-1"]
[WhiteCountry "CAN"]
[BlackCountry "AUS"]
[WhiteElo "1934"]
[WhiteRD "81"]
[BlackElo "2276"]
[BlackRD "79"]
[GameID "341635"]

1. e4 Nf6 2. e5 Nd5 3. d4 d6 4. c4 Nb6 5. f4 g6 6. Nc3 Bg7 7. Be3 Be6 8. d5 Bc8 9. Bd4 c5 10. Be3 O-O
11. Nf3 Bg4 12. Bd3 dxe5 13. fxe5 N8d7 14. O-O Nxe5 15. Bxc5 Rc8 16. Ba3 Nbxc4 17. Nxe5 Bxd1 18. Nxc4 Bg4 19. d6 exd6 20. Nxd6 Bxc3
21. Nxc8 Qd4+ 22. Kh1 Rxc8
0-1

[Event "Lions Cup Utrecht"]
[Site "SchemingMind.com"]
[Date "2013.11.12"]
[Round "-"]
[White "smothered mate"]
[Black "Selwyn"]
[Result "0-1"]
[WhiteCountry "POL"]
[BlackCountry "AUS"]
[WhiteElo "1973"]
[WhiteRD "74"]
[BlackElo "2336"]
[BlackRD "68"]
[GameID "341636"]

1. e4 Nf6 2. e5 Nd5 3. c4 Nb6 4. d4 d6 5. exd6 exd6 6. Nc3 Nc6 7. Be3 Be7 8. Qf3 O-O 9. O-O-O Be6 10. b3 a5
11. Bd3 Nb4 12. Bb1 a4 13. d5 axb3 14. Qe4 g6 15. dxe6 bxa2 16. Nxa2 Nxa2+ 17. Bxa2 Rxa2 18. Qb1 Qa8 19. Bd4 Bg5+
0-1

[Event "Lions Cup Utrecht"]
[Site "SchemingMind.com"]
[Date "2013.11.14"]
[Round "-"]
[White "jsummers"]
[Black "Selwyn"]
[Result "0-1"]
[WhiteCountry "USA"]
[BlackCountry "AUS"]
[WhiteElo "2118"]
[WhiteRD "118"]
[BlackElo "2336"]
[BlackRD "68"]
[GameID "341637"]

1. e4 Nf6 2. e5 Nd5 3. d4 d6 4. c4 Nb6 5. exd6 exd6 6. Nc3 Nc6 7. Nf3 Bg4 8. b3 Bxf3 9. Qxf3 Nxd4 10. Qe4+ Qe7
11. Bd3 O-O-O 12. Be3 Qxe4 13. Bxe4 Ne6 14. a4 g6 15. O-O-O Bg7 16. Nb5 Kb8 17. Kc2 Rhe8 18. a5 Nc8 19. g3 a6 20. Nc3 Ne7
21. b4 Nc6 22. Bxc6 bxc6 23. h4 h5 24. Rhe1 Ka8 25. Rd3 Rb8 26. Rb1 Rb7 27. b5 cxb5 28. cxb5 Bxc3 29. Kxc3 Rxb5 30. Rxb5 axb5
31. Rd5 Rb8 32. f3 b4+ 33. Kb3 Nc5+ 34. Bxc5 Rb5 35. Ka4 Rxc5 36. Rd4 Rc3 37. Rf4 b3 38. Ka3 c5 39. Rxf7 c4 40. Rf6 d5
41. g4 d4 42. Ra6+ Kb7
0-1

[Event "Lions Cup Utrecht"]
[Site "SchemingMind.com"]
[Date "2013.11.10"]
[Round "-"]
[White "fanfan_la_Tulipe"]
[Black "Selwyn"]
[Result "0-1"]
[WhiteCountry "AUT"]
[BlackCountry "AUS"]
[WhiteElo "2009"]
[WhiteRD "77"]
[BlackElo "2336"]
[BlackRD "68"]
[GameID "341638"]

1. Nf3 Nf6 2. c4 e6 3. Nc3 d5 4. e3 c5 5. cxd5 exd5 6. Bb5+ Nc6 7. d4 Bd6 8. dxc5 Bxc5 9. O-O O-O 10. h3 a6
11. Ba4 Be6 12. Ng5 Qd6 13. a3 Rac8 14. Bd2 Ne5 15. Nxe6 fxe6 16. Qe2 Nc4 17. b4 Ba7 18. Rfc1 Bb8 19. g3 Nxd2 20. Qxd2 Rxc3
21. Qxc3 Ne4 22. Qe1 Nxf2 23. Qxf2 Rxf2 24. Kxf2 Qxg3+ 25. Ke2 Qg2+ 26. Kd3 Be5 27. Rc8+ Kf7 28. Rac1 Qxh3 29. R1c2 Bf4
0-1

[Event "Lions Cup Utrecht"]
[Site "SchemingMind.com"]
[Date "2013.11.12"]
[Round "-"]
[White "MKruger"]
[Black "Selwyn"]
[Result "1/2-1/2"]
[WhiteCountry "GER"]
[BlackCountry "AUS"]
[WhiteElo "2382"]
[WhiteRD "67"]
[BlackElo "2365"]
[BlackRD "67"]
[GameID "341639"]

1. c4 Nf6 2. g3 c6 3. Bg2 d5 4. Nf3 dxc4 5. O-O Nbd7 6. Na3 Nb6 7. Qc2 Be6 8. Ng5 Qd7 9. b3 cxb3 10. axb3 Bf5
11. e4 Bg6 12. d3 e6 13. Nc4 Nxc4 14. bxc4 Bc5 15. Nf3 O-O 16. Bb2 Rfd8 17. Rfd1 Qc7 18. Be5 Qe7 19. Bc3 Bb6 20. Qe2 Bh5
21. e5 Nd7 22. d4 a5 23. Rdb1 Ra7 24. Qe3 Rda8 25. Nd2 h6 26. c5 Bc7 27. Nc4 Qg5 28. Qe1 Bg6 29. Rc1 Bd3 30. Nd6 Bxd6
31. cxd6 a4 32. Ra3 Ra6 33. Bd2 Qg6 34. h4 Bf5 35. Bf3 Bg4 36. Be4=
1/2-1/2

[Event "Lions Cup Utrecht"]
[Site "SchemingMind.com"]
[Date "2013.11.29"]
[Round "-"]
[White "rookie31"]
[Black "Juan Jose Rivas Maceda"]
[Result "0-1"]
[WhiteCountry "IND"]
[BlackCountry "PER"]
[WhiteElo "2100"]
[WhiteRD "71"]
[BlackElo "2429"]
[BlackRD "79"]
[GameID "342519"]

1. e4 e5 2. Nf3 Nc6 3. Bb5 a6 4. Ba4 b5 5. Bb3 Nf6 6. O-O Bb7 7. Re1 Bc5 8. c3 O-O 9. d4 Bb6 10. Bg5 Re8
11. Bd5 h6 12. Nxe5 hxg5 13. Bxf7+ Kf8 14. Nxc6 Bxc6 15. Bxe8 Qxe8 16. Nd2 Qg6 17. a4 Re8 18. axb5 axb5 19. e5 Nh5 20. Nf1 Nf4
21. Ne3 g4
0-1

[Event "Lions Cup Utrecht"]
[Site "SchemingMind.com"]
[Date "2013.11.24"]
[Round "-"]
[White "rookie31"]
[Black "Greg Magne"]
[Result "1-0"]
[WhiteCountry "IND"]
[BlackCountry "CAN"]
[WhiteElo "2079"]
[WhiteRD "72"]
[BlackElo "1934"]
[BlackRD "81"]
[GameID "342520"]

1. d4 d5 2. c4 e6 3. Nc3 c6 4. Nf3 Nf6 5. e3 Bd6 6. Be2 dxc4 7. Bxc4 b5 8. Bd3 Bb7 9. O-O Nbd7 10. e4 e5
11. dxe5 Nxe5 12. Nxe5 Bxe5 13. f4 Bc7 14. Kh1 O-O 15. e5 Nd5 16. Nxd5 Qxd5 17. Qc2 g6 18. b3 c5 19. Bxb5 Bb6 20. Bc4 Qc6
21. f5 Kg7 22. Bb2 Qe4 23. e6+ f6 24. Qxe4 Bxe4 25. fxg6
1-0

[Event "Lions Cup Utrecht"]
[Site "SchemingMind.com"]
[Date "2013.11.26"]
[Round "-"]
[White "rookie31"]
[Black "smothered mate"]
[Result "1-0"]
[WhiteCountry "IND"]
[BlackCountry "POL"]
[WhiteElo "2062"]
[WhiteRD "71"]
[BlackElo "1973"]
[BlackRD "74"]
[GameID "342521"]

1. d4 Nf6 2. c4 c5 3. d5 b5 4. cxb5 a6 5. bxa6 g6 6. Nc3 Bg7 7. Nf3 O-O 8. e4 d6 9. Be2 Bxa6 10. O-O Nfd7
11. Qc2 Nb6 12. Bg5 N8d7 13. Bxa6 Rxa6 14. Rfc1 h6 15. Qe2 c4 16. Be3 Qa8 17. Bd4 e5 18. dxe6 fxe6 19. Rd1 Ne5 20. Nxe5 Bxe5
21. Bxe5 dxe5 22. Qe3 Kg7 23. Qc5 Qa7 24. Qxe5+ Rf6 25. Nb5 Qe7 26. Nd4 Nd7 27. Qc7 Kf7 28. Nf3
1-0

[Event "Lions Cup Utrecht"]
[Site "SchemingMind.com"]
[Date "2013.11.24"]
[Round "-"]
[White "rookie31"]
[Black "jsummers"]
[Result "1/2-1/2"]
[WhiteCountry "IND"]
[BlackCountry "USA"]
[WhiteElo "2090"]
[WhiteRD "69"]
[BlackElo "2060"]
[BlackRD "102"]
[GameID "342522"]

1. d4 d5 2. c4 c6 3. Nf3 Nf6 4. Nc3 e6 5. e3 Nbd7 6. Be2 Bd6 7. O-O O-O 8. Qc2 dxc4 9. Bxc4 b5 10. Bd3 Bb7
11. Ng5 Bxh2+ 12. Kh1 h6 13. Nxe6 fxe6 14. Kxh2 Ng4+ 15. Kg3 Ndf6 16. f4 h5 17. Rh1 Qd7 18. Ne4 Nxe4+ 19. Bxe4 Nf6 20. Bg6 Qd5
21. b3 a5 22. Bb2 a4 23. Ba3 c5 24. Bxc5 axb3 25. axb3 Rfc8 26. b4 Bc6 27. Ra5 Be8 28. Bd3 Bc6 29. Rha1 Rxa5 30. Rxa5 g5
31. Kh3 gxf4 32. exf4 Rc7 33. Qa2 Rg7 34. Qxd5 Bxd5 35. Bf1 Bc4 36. Ra1 Rb7 37. Bxc4 bxc4 38. Rc1 Nd5 39. Rxc4 Nxf4+ 40. Kg3 Nd5
41. Kh4 Rg7 42. g3 Rg4+ 43. Kh3 Re4 44. Rc2 Nc7 45. Rh2 Kg7 46. Kg2 Re2+ 47. Kg1 Re1+ 48. Kf2 Rb1 49. Rxh5 Nd5 50. Re5 Kf7
51. g4 Nxb4 52. Bxb4 Rxb4 53. Ke3 Rb1 54. Kd3 Rg1 55. g5 Rg3+ 56. Kd2= Ra3 57. Rc5 Rg3= 58. Rc7+ Kg6=
1/2-1/2

[Event "Lions Cup Utrecht"]
[Site "SchemingMind.com"]
[Date "2013.11.24"]
[Round "-"]
[White "rookie31"]
[Black "fanfan_la_Tulipe"]
[Result "1-0"]
[WhiteCountry "IND"]
[BlackCountry "AUT"]
[WhiteElo "2100"]
[WhiteRD "71"]
[BlackElo "1982"]
[BlackRD "71"]
[GameID "342523"]

1. d4 Nf6 2. c4 g6 3. Nc3 Bg7 4. e4 d6 5. Nf3 O-O 6. h3 Na6 7. Bd3 e5 8. d5 Nc5 9. Bc2 a5 10. O-O Nh5
11. Bg5 f6 12. Be3 b6 13. a3 Nf4 14. Kh2 f5 15. exf5 Bxf5 16. Bxf5 Rxf5 17. Bxc5 bxc5 18. g3 Qf8 19. gxf4 Rxf4 20. Nd2 Rxf2+
21. Kg1 Rf4 22. Kg2 Qf5 23. Nde4 Rf8 24. Qe2 h6 25. Rae1 g5 26. Ng3 Qg6 27. Nce4 Rb8 28. Kh2 Rb3 29. a4 Rb4 30. Qc2 Qf7
31. b3 Rb8 32. Qc3 Ra8 33. Kg1 Kh8 34. Ne2 Rf5 35. Kg2 Qf8 36. N2g3 Rf7 37. Rxf7 Qxf7 38. Rf1 Qg6 39. Qf3 Rb8 40. Qf7
1-0

[Event "Lions Cup Utrecht"]
[Site "SchemingMind.com"]
[Date "2013.11.25"]
[Round "-"]
[White "rookie31"]
[Black "MKruger"]
[Result "0-1"]
[WhiteCountry "IND"]
[BlackCountry "GER"]
[WhiteElo "2062"]
[WhiteRD "71"]
[BlackElo "2253"]
[BlackRD "73"]
[GameID "342524"]

1. d4 Nf6 2. c4 g6 3. g3 Bg7 4. Bg2 O-O 5. Nf3 d6 6. Nc3 Nc6 7. e4 Bg4 8. O-O e5 9. d5 Nd4 10. Re1 c6
11. Rb1 Qc7 12. Bg5 h6 13. Bxf6 Bxf6 14. Qd3 c5 15. Nxd4 cxd4 16. Nb5 Qb6 17. f4 Bg7 18. f5 gxf5 19. exf5 Bh5 20. a4 a6
21. Na3 Rac8 22. b4 Qd8 23. h3 f6 24. a5 Be8 25. Kh2 Kh7 26. Rb2 h5 27. Re4 Bh6 28. Qf3 Rc7 29. Bf1 Qd7 30. Rg2 Qa4
31. Nc2 Bf7 32. Re1 Rfc8
0-1

[Event "Lions Cup Utrecht"]
[Site "SchemingMind.com"]
[Date "2013.11.25"]
[Round "-"]
[White "rookie31"]
[Black "Selwyn"]
[Result "0-1"]
[WhiteCountry "IND"]
[BlackCountry "AUS"]
[WhiteElo "2079"]
[WhiteRD "72"]
[BlackElo "2276"]
[BlackRD "79"]
[GameID "342525"]

1. d4 Nf6 2. c4 c5 3. d5 b5 4. cxb5 a6 5. Nc3 axb5 6. Nxb5 e6 7. Nc3 exd5 8. Nxd5 Bb7 9. Nxf6+ Qxf6 10. Nf3 Qe6
11. Ng5 Qb6 12. e3 Be7 13. Nf3 O-O 14. Be2 Bf6 15. O-O d5 16. Qc2 Ba6 17. Bd3 Bxd3 18. Qxd3 Rd8 19. e4 dxe4 20. Qxe4 Nc6
21. Re1 Nb4 22. Ng5 g6 23. Qh4 h5 24. Qc4 Rd7 25. Ne4 Be7 26. Bg5 Bxg5 27. Nxg5 Nd3 28. Reb1 Qf6 29. Nf3 Re8 30. Qc2 Re4
31. Rd1 c4 32. b3 Rf4 33. Qe2 Re7 34. Qf1 Rxf3
0-1

[Event "Lions Cup Utrecht"]
[Site "SchemingMind.com"]
[Date "2013.11.29"]
[Round "-"]
[White "Juan Jose Rivas Maceda"]
[Black "rookie31"]
[Result "1-0"]
[WhiteCountry "PER"]
[BlackCountry "IND"]
[WhiteElo "2429"]
[WhiteRD "79"]
[BlackElo "2100"]
[BlackRD "71"]
[GameID "342526"]

1. e4 e5 2. Nf3 Nf6 3. d4 Nxe4 4. Bd3 d5 5. Nxe5 Nd7 6. Nxd7 Bxd7 7. O-O Qf6 8. Bxe4 dxe4 9. Nc3 O-O-O 10. Nxe4 Qg6
11. f3 f5 12. Nf2 Bd6 13. c4 Rhe8 14. Qd3
1-0

[Event "Lions Cup Utrecht"]
[Site "SchemingMind.com"]
[Date "2013.11.24"]
[Round "-"]
[White "Greg Magne"]
[Black "rookie31"]
[Result "0-1"]
[WhiteCountry "CAN"]
[BlackCountry "IND"]
[WhiteElo "1883"]
[WhiteRD "73"]
[BlackElo "2062"]
[BlackRD "71"]
[GameID "342527"]

1. e4 e5 2. Nf3 Nc6 3. Bb5 a6 4. Ba4 Nf6 5. O-O Be7 6. Re1 b5 7. Bb3 O-O 8. c3 d6 9. d4 Bg4 10. Be3 Re8
11. Nbd2 d5 12. exd5 Nxd5 13. h3 exd4 14. cxd4 Be6 15. Nf1 Na5 16. Ng3 Nxb3 17. Qxb3 Nb4 18. Qd1 Nxa2 19. Ne5 Nb4 20. Ne4 Qd5
21. f3 Rad8 22. Qe2 c5 23. Nc3 Qb7 24. dxc5 f6 25. Ng4 Bb3 26. Ra3 Bc4 27. Qf2 Nd3 28. Qg3 Nxe1 29. Ne4 Rd1 30. Ngxf6+ Bxf6
31. Nxf6+ Kh8 32. Nxe8 Nxf3+ 33. Kf2 Rf1#
0-1

[Event "Lions Cup Utrecht"]
[Site "SchemingMind.com"]
[Date "2013.11.27"]
[Round "-"]
[White "smothered mate"]
[Black "rookie31"]
[Result "0-1"]
[WhiteCountry "POL"]
[BlackCountry "IND"]
[WhiteElo "1923"]
[WhiteRD "72"]
[BlackElo "2100"]
[BlackRD "71"]
[GameID "342528"]

1. e4 e5 2. f4 Nc6 3. Nf3 d6 4. Bc4 Nf6 5. d3 exf4 6. Bxf4 Na5 7. Bb3 Nxb3 8. axb3 Be7 9. O-O O-O 10. Nc3 a6
11. Nd5 Nxd5 12. exd5 Bf6 13. d4 Bg4 14. Qd2 Re8 15. Rae1 Bxf3 16. Rxe8+ Qxe8 17. Rxf3 Qe4 18. c3 Qxd5 19. b4 Re8 20. h3 Re6
21. Rd3 Bh4 22. Kh2 h6 23. Qd1 Qf5 24. Rf3 Re1 25. Qd3 Qxd3 26. Rxd3 f5 27. Bg3 Bxg3+ 28. Kxg3 d5 29. Kf2 Re4 30. Kf3 Kf7
31. g4 fxg4+ 32. hxg4 Kf6 33. b3 Kg5 34. c4 c6 35. b5 axb5 36. cxd5 cxd5 37. Rc3 Rxd4 38. Rc7 g6 39. Rxb7 Rd3+ 40. Kf2 Rxb3
41. Rd7 Kxg4 42. Rxd5 g5 43. Rd6 h5
0-1

[Event "Lions Cup Utrecht"]
[Site "SchemingMind.com"]
[Date "2013.11.27"]
[Round "-"]
[White "jsummers"]
[Black "rookie31"]
[Result "0-1"]
[WhiteCountry "USA"]
[BlackCountry "IND"]
[WhiteElo "2045"]
[WhiteRD "108"]
[BlackElo "2100"]
[BlackRD "71"]
[GameID "342529"]

1. e4 e5 2. Nf3 Nc6 3. Nc3 Nf6 4. Bb5 Bb4 5. O-O O-O 6. d3 d6 7. Bg5 Bxc3 8. bxc3 h6 9. Bh4 Bd7 10. Qd2 a6
11. Ba4 Ne7 12. Bxd7 Nxd7 13. Rfb1 b6 14. d4 Qe8 15. Re1 Ng6 16. Bg3 Qe6 17. Qd3 Rfe8 18. Nd2 c6 19. a4 d5 20. exd5 cxd5
21. dxe5 Ndxe5 22. Qd4 Qf5 23. Rac1 b5 24. axb5 axb5 25. Nb3 Nc4 26. h3 Qd7 27. Rxe8+ Rxe8 28. Ra1 h5 29. Nc5 Qe7 30. h4 Rc8
31. Nb3 Qe6 32. Qd1 Qe4 33. Ra7 Nge5 34. Nd4 Ng4 35. Qc1 Qg6 36. Rb7 Nf6 37. Rxb5 Ne4 38. Qe1 Re8 39. Bc7 Kh7 40. Rb4 Qf6
41. Bg3 Re7 42. Qd1 g6 43. f3 Nxg3 44. Qb1 Qxh4
0-1

[Event "Lions Cup Utrecht"]
[Site "SchemingMind.com"]
[Date "2013.11.24"]
[Round "-"]
[White "fanfan_la_Tulipe"]
[Black "rookie31"]
[Result "0-1"]
[WhiteCountry "AUT"]
[BlackCountry "IND"]
[WhiteElo "2009"]
[WhiteRD "77"]
[BlackElo "2062"]
[BlackRD "71"]
[GameID "342530"]

1. Nf3 Nf6 2. c4 e6 3. g3 d5 4. Bg2 Be7 5. O-O c6 6. d4 Nbd7 7. Qc2 b6 8. Nbd2 Bb7 9. b3 O-O 10. Bb2 Rc8
11. Rad1 c5 12. dxc5 Bxc5 13. Qb1 Qe7 14. Ne5 Nxe5 15. Bxe5 Rfd8 16. h3 Ne8 17. cxd5 exd5 18. Nf3 Ba6 19. Rfe1 Bb4 20. Bb2 Bxe1
21. Rxe1 Nd6 22. Ba3 Qe4 23. Qxe4 dxe4 24. Ng5 Nb5 25. Bb4 Bb7 26. e3 Re8 27. h4 h6 28. Nh3 a5
0-1

[Event "Lions Cup Utrecht"]
[Site "SchemingMind.com"]
[Date "2013.11.25"]
[Round "-"]
[White "MKruger"]
[Black "rookie31"]
[Result "1-0"]
[WhiteCountry "GER"]
[BlackCountry "IND"]
[WhiteElo "2253"]
[WhiteRD "73"]
[BlackElo "2062"]
[BlackRD "71"]
[GameID "342531"]

1. d4 Nf6 2. c4 e6 3. g3 d5 4. Nf3 c6 5. Bg2 Nbd7 6. Qc2 Be7 7. O-O b6 8. Nbd2 Bb7 9. e4 O-O 10. e5 Ne8
11. cxd5 cxd5 12. Re1 Rc8 13. Qa4 a5 14. Bf1 Nc7 15. Bd3 Ba6 16. Bb1 Qe8 17. Qd1 f6 18. exf6 Bxf6 19. Nf1 Nb8 20. Ne3 Qh5
21. Ng2 Nc6 22. Nf4 Qe8 23. Bf5 Nd8 24. Bg4 Qe7 25. Bd2
1-0

[Event "Lions Cup Utrecht"]
[Site "SchemingMind.com"]
[Date "2013.11.25"]
[Round "-"]
[White "Selwyn"]
[Black "rookie31"]
[Result "1-0"]
[WhiteCountry "AUS"]
[BlackCountry "IND"]
[WhiteElo "2271"]
[WhiteRD "87"]
[BlackElo "2098"]
[BlackRD "72"]
[GameID "342532"]

1. d4 Nf6 2. c4 e6 3. Nc3 d5 4. Bg5 Nbd7 5. e3 c6 6. cxd5 exd5 7. Bd3 Be7 8. Qc2 O-O 9. Nf3 h6 10. Bh4 c5
11. O-O c4 12. Be2 Nb6 13. Ne5 Be6 14. a4 Rc8 15. a5 Nbd7 16. f4 Nxe5 17. dxe5 Ne8 18. Bf2 f5 19. Rfd1
1-0